Vista normal
Vista MARC
Entrada Personal Name
Número de registros utilizados en: 1
001 - CONTROL NUMBER
- control field: 29253
003 - CONTROL NUMBER IDENTIFIER
- control field: OSt
005 - DATE AND TIME OF LATEST TRANSACTION
- control field: 20230915231506.0
008 - FIXED-LENGTH DATA ELEMENTS
- fixed length control field: 230915|| aca||aabn | a|a d
040 ## - CATALOGING SOURCE
- Original cataloging agency: OSt
- Transcribing agency: OSt
100 ## - HEADING--PERSONAL NAME
- Personal name: Montilla Galvis, Omar de Jesus; Avila Mejia, Armando; Mafla Arango, Maximino
670 ## - SOURCE DATA FOUND
- Source citation: Work cat.: (OSt)29272: Montilla Galvis, Omar de Jesus; Avila Mejia, Armando; Mafla Arango, Maximino, La Veeduria como mecanismo de participación ciudadana, 2001